Security for debt in ancient Near Eastern law /

محفوظ في:

مؤلفون آخرون: Westbrook, Raymond., Jasnow, Richard.

التنسيق: كتاب

اللغة: English

منشور في: Leiden : Brill, 2001.

سلاسل: Culture and History of the ancient Near East ; 9.
CHANE ; 9.

الموضوعات:

الوسوم: إضافة وسم

لا توجد وسوم, كن أول من يضع وسما على هذه التسجيلة!

رقم الطلب: DS41 .C85 v.9

LEADER 01820namaa2200337 4500
001 12412
003 OSt
005 20250821113218.0
008 130303s2001 ne b 001 0 eng d
020 |a 9004121242 
040 |c ARCE Library 
043 |a aw----- 
050 4 |a DS41 .C85 v.9 
245 0 0 |a Security for debt in ancient Near Eastern law /  |c edited by Raymond Westbrook and Richard Jasnow. 
264 1 |a Leiden :  |b Brill,  |c 2001. 
300 |a vi, 360 pages ;  |c 25 cm. 
490 1 |a Culture and History of the ancient Near East ;   |v 9. 
490 1 |a CHANE ;   |v 9. 
500 |a Conference proceedings of the second occasional colloquium of the Society for the study of Ancient Near Eastern law held March 19-20, 2000, at the Johns Hopkins University in Baltimore. 
504 |a Includes bibliographical references and index. 
505 0 |a Introduction / Raymond Westbrook -- Comparative Historical Perspectives / Edward Tomlinson -- Pre-Demotic Pharaonic Sources / Richard Jasnow -- The Ur III Period / Piotr Steinkeller -- The Old Babylonian Period / Raymond Westbrook -- The Old Assyrian Period / Klaas Veenhof -- The Middle Assyrian Period / Kathleen Abraham -- Nuzi / Carlo Zaccagnini -- Emar / Aaron Skaist -- Israel / Tikva Frymer-Kensky -- The Neo-Assyrian Period / Karen Radner -- The Neo-Babylonian Period / Joachim Oelsner -- Demotic Papyri / Joseph Manning -- Conclusions / Raymond Westbrook. 
650 0 |a Law, Ancient. 
650 0 |a Security (Law)  |z Middle East  |x History  |y To 1500. 
650 0 |a Debtor and creditor   |z Middle East   |x History   |v Congresses. 
700 1 |a Westbrook, Raymond. 
700 1 |a Jasnow, Richard.  |9 33189 
830 0 |a Culture and History of the ancient Near East ;   |v 9. 
830 0 |a CHANE ;   |v 9. 
901 |a reviewed 
942 |c BK  |2 lcc 
999 |c 10920  |d 10920